| 000 -LEADER |
| fixed length control field |
02108 a2200169 4500 |
| 008 - FIXED-LENGTH DATA ELEMENTS--GENERAL INFORMATION |
| fixed length control field |
230425b ||||| |||| 00| 0 eng d |
| 020 ## - INTERNATIONAL STANDARD BOOK NUMBER |
| International Standard Book Number |
9789389633573 |
| 041 0# - LANGUAGE CODE |
| Language code of text/sound track or separate title |
eng |
| 082 00 - DEWEY DECIMAL CLASSIFICATION NUMBER |
| Classification number |
624.1710113 |
| Item number |
M2327 |
| 100 ## - MAIN ENTRY--PERSONAL NAME |
| Personal name |
Maity, Damodar |
| 245 ## - TITLE STATEMENT |
| Title |
Computer Analysis of Framed Structures / |
| 260 ## - PUBLICATION, DISTRIBUTION, ETC. (IMPRINT) |
| Place of publication, distribution, etc |
New Delhi: |
| Name of publisher, distributor, etc |
I K International Publishing House Pvt. Ltd, |
| Date of publication, distribution, etc |
2019 |
| 300 ## - PHYSICAL DESCRIPTION |
| Extent |
x, 237 p. |
| 505 0# - FORMATTED CONTENTS NOTE |
| Formatted contents note |
Introduction : A Brief History of Structural Analysis *Computer Programs *Computational Flow for Structural Analysis Concepts on Computer<br/>Analysis of Structures : Principles of Structural Analysis *Basic Steps in Computer Analysis *Structural Idealization *Degrees of Freedom *Types<br/>of Structural Elements *Discretization of Structures *Loads *Supports *Types of Analysis Matrices Related to Structural Analysis: Introduction<br/>*Matrix Definitions *Banded Matrix *Trace of a Matrix *Partitioning of a Matrix *Matrix Algebra *Matrix Inversion *Solution of Simultaneous<br/>Equations *Conditioning of Matrices *Eigenvalues and Eigenvectors *Problems Flexibility Method: Introduction to Flexibility Method *Flexibility<br/>Approach to Structural Problems *Element Flexibility Matrix *Global Flexibility Matrix *Properties of Flexibility Matrix *Flexibility Method *Worked<br/>Out Examples *Problems Stiffness Method: Introduction to Stiffness Method *Steps for Stiffness Method *Local & Global Coordinate Systems<br/>*Transformation Matrices *Member Stiffness Matrix *Stiffness Transformation *Properties of Stiffness Matrix *Overall Stiffness Matrix *Boundary<br/>Conditions *End Actions for Restrained Members *Equivalent Joint Load *Rearrangement of Stiffness and Load Arrays *Calculation of Results<br/>*Analysis of Plane Truss *Analysis of Continuous Beam *Analysis of Plane Frame *Analysis of Grid *Analysis of Space Frame *Comparison<br/>between flexibility and stiffness methods *Choice of the method of analysis *Problems Computer Analysis of Framed Structures : Computer<br/>Programming for Analysis of framed Structures *Computer Input - Output |
| 650 #0 - SUBJECT ADDED ENTRY--TOPICAL TERM |
| Topical term or geographic name as entry element |
Structural Analysis |
| 942 ## - ADDED ENTRY ELEMENTS (KOHA) |
| Source of classification or shelving scheme |
|
| Item type |
Books |